000 00854nam a22003017a 4500
001 BR8006312
003 BR-BrBNA
005 20230928090803.0
007 ta
008 230509b bl.||||| |||| 00| 0 por d
040 _aBR-BrBNA
_bpor
_cBiblioteca Nacional de Agricultura
041 _a(Por)
072 _aQ10; E70
_b/G514
090 _ Q10 BR8006312
100 1 _aLopes, A.G.
110 1 _aSecretaria da Agricultura do Maranhao, Sao Luis (Brasil)
_98255
245 1 _aSubsidios ao plano estadual de armazenagem 1980/83 [Maranhao, Brasil]
260 3 _aSao Luis, MA (Brasil):
_c1980.
300 _a51 p.
500 _a14 tables
650 _aTECNOLOGIA DE ALIMENTO
650 _aARMAZENAGEM
650 _aPOLITICA COMERCIAL
650 _aPRODUTO AGRICOLA
650 _aMARANHAO
909 _a202309
_bLucia
_c55
_dLucia Elande
942 _cBK
999 _c30533
_d30533